000 00203 a2200097 4500
001 8468
100 _aThomasm, R C W
245 _aThe soldiers pocket book
260 _a
_bEvans
_c
090 _c6832
_d6832
942 _aNUST-CAE
_cM
_c33414
999 _c243541
_d243541